[Event "Politiken Cup 33rd"]
[Site "Helsingor"]
[Date "2011.08.07"]
[Round "10"]
[White "Nielsen, Palle"]
[Black "Larsen, Henrik Falk"]
[Result "1-0"]
[WhiteElo "1824"]
[BlackElo "1619"]
[PlyCount "99"]
[EventDate "2011.07.30"]
[EventType "swiss"]
[EventRounds "10"]
[EventCountry "DEN"]
[SourceTitle "CBM 143 Extra"]
[Source "ChessBase"]
[SourceDate "2011.08.29"]
[SourceVersion "1"]
[SourceVersionDate "2011.08.29"]
[SourceQuality "1"]

1. e4 c5 2. Nf3 e6 3. d4 cxd4 4. Nxd4 Nf6 5. Nc3 Nc6 6. Ndb5 a6 7. Nd6+ Bxd6 8. Qxd6 Qe7 9. Qg3 Nb4 10. Bd3 Nxd3+ 11. cxd3 d6 12. 0-0 e5 13. Bg5 Be6 14. f4 exf4 15. Qxf4 h6 16. Bxf6 gxf6 17. Rae1 0-0-0 18. Nd5 Bxd5 19. exd5 Qd7 20. Qxf6 Rde8 21. Rc1+ Kb8 22. Qxf7 Re7 23. Qf6 Rg8 24. Qxh6 Rh7 25. Rf8+ Rxf8 26. Qxf8+ Ka7 27. Qf2+ Kb8 28. b3 Rf7 29. Qd4 Qf5 30. Re1 Rf8 31. h3 Rg8 32. g4 Qf3 33. Qe3 Qxd5 34. Kh2 Rf8 35. Kg3 Qf7 36. h4 d5 37. h5 Ka8 38. Kh4 Qf6+ 39. g5 Qd6 40. Qe5 Qb4+ 41. d4 Qd2 42. h6 Qf2+ 43. Kh5 Qf3+ 44. Kh4 Rf4+ 45. Qxf4 Qxf4+ 46. Kh5 Qf7+ 47. Kg4 Qg6 48. Re5 Qd6 49. Kh5 Qf8 50. h7 1-0

[Event "Politiken Cup 33rd"]
[Site "Helsingor"]
[Date "2011.08.06"]
[Round "9"]
[White "Larsen, Henrik Falk"]
[Black "Holm, Henrik"]
[Result "1/2-1/2"]
[WhiteElo "1619"]
[BlackElo "1853"]
[PlyCount "68"]
[EventDate "2011.07.30"]
[EventType "swiss"]
[EventRounds "10"]
[EventCountry "DEN"]
[SourceTitle "CBM 143 Extra"]
[Source "ChessBase"]
[SourceDate "2011.08.29"]
[SourceVersion "1"]
[SourceVersionDate "2011.08.29"]
[SourceQuality "1"]

1. d4 d5 2. e3 Nf6 3. c4 c6 4. Nc3 e6 5. a3 Nbd7 6. Nf3 Bd6 7. c5 Bc7 8. b4 e5 9. dxe5 Nxe5 10. Nxe5 Bxe5 11. Bb2 0-0 12. Bd3 Re8 13. 0-0 Bg4 14. Qc2 Qd7 15. Ne2 Qc7 16. Bxe5 Rxe5 17. Ng3 g6 18. h3 Bd7 19. Rad1 Rae8 20. Qb1 Qc8 21. Kh2 Qc7 22. Kg1 Qc8 23. Kh2 Kg7 24. Qa1 Qc7 25. Kg1 Kg8 26. Qb1 Qd8 27. Be2 Qe7 28. Rd4 Qf8 29. Rfd1 Qh6 30. Kh2 Qg7 31. R1d2 h5 32. Qd1 h4 33. Rxh4 Bc8 34. Rf4 a6 1/2-1/2

[Event "Taastrup Quick Weekend 3rd B"]
[Site "Taastrup"]
[Date "2006.04.02"]
[Round "3"]
[White "Larsen, Henrik Falk"]
[Black "Jensen, Jan Kargaard"]
[Result "0-1"]
[WhiteElo "1656"]
[BlackElo "1714"]
[PlyCount "64"]
[EventDate "2006.04.02"]
[EventType "tourn"]
[EventRounds "5"]
[EventCountry "DEN"]
[SourceTitle "EXT 2023"]
[Source "ChessBase"]
[SourceDate "2022.10.05"]
[SourceVersion "1"]
[SourceVersionDate "2022.10.05"]
[SourceQuality "1"]

1. d4 Nf6 2. c4 e6 3. Nc3 Bb4 4. Bd2 0-0 5. e3 c5 6. Nf3 cxd4 7. exd4 Bxc3 8. Bxc3 d5 9. c5 b6 10. b4 bxc5 11. bxc5 Ne4 12. Qc2 Nxc3 13. Qxc3 Nc6 14. Bb5 Bd7 15. Bxc6 Bxc6 16. 0-0 Qc7 17. Rab1 f6 18. Rfe1 Rfe8 19. Rb2 Kf7 20. Rbe2 Rab8 21. Qc2 g6 22. Re3 Qa5 23. Rb1 Qc7 24. Qc1 Rxb1 25. Qxb1 e5 26. dxe5 fxe5 27. h4 d4 28. Qb3+ Kf6 29. Nxd4 exd4 30. Rxe8 Bxe8 31. Qd5 Qe5 32. Qd8+ Kf7 0-1